Olympic Mascot to City - Statistics

General Stats
  • This quiz has been taken 33 times
  • The average score is 10 of 20
Answer Stats
Picture Answer % Correct
Moscow
84%
Beijing
72%
Sydney
72%
Beijing
64%
Tokyo
60%
Vancouver
60%
Atlanta
56%
Barcelona
56%
London
52%
Rio
48%
Seoul
48%
Sochi
48%
Montreal
44%
Munich
44%
Salt Lake City
40%
Sarajevo
40%
PyeongChang
36%
Turin
32%
Innsbruck
24%
Nagano
24%
No matching quizzes found
Score Distribution
Percent of People with Each Score
Percentile by Number Answered
Your Score History
You have not taken this quiz